| 000 | 00876cam a22002891 4500 | ||
|---|---|---|---|
| 001 | 21293 | ||
| 003 | BD-RjUL | ||
| 005 | 20211209000653.0 | ||
| 008 | 140304r19631719nyu 000 1 eng d | ||
| 035 | _a(OCoLC)505540097 | ||
| 035 | _a(OCoLC)ocn505540097 | ||
| 035 | _a(CStRLIN)NYCG85-B104299 | ||
| 035 | _a(BD-RjUL)21357 | ||
| 035 | _a(NNC)293722 | ||
| 040 |
_aNNC _cNNC _beng _dBD-RjUL |
||
| 041 | _aeng | ||
| 082 |
_a823 _bDEL 1963 |
||
| 100 | 1 |
_aDefoe, Daniel, _d1661?-1731. _965827 |
|
| 245 | 1 | 4 |
_aThe life & adventures of Robinson Crusoe / _c Daniel Defoe, |
| 260 |
_aLondon : _bOxford University Press _c1719 [reprinted 1963] |
||
| 300 |
_a394 p. : _c394 cm. |
||
| 490 | 1 |
_aThe world's classics. _v17 |
|
| 650 |
_a Crusoe, Robinson (Fictitious character) _vFiction. _965828 |
||
| 830 | 0 |
_v17. _965832 |
|
| 830 | 0 |
_aWorld's classics ; _965833 |
|
| 942 |
_2ddc _cBK |
||
| 999 |
_c21293 _d21293 |
||